000 00373nam a22001337a 4500
008 230619b xxu||||| |||| 00| 0 eng d
020 _a030835917
082 _a301.1
_bCHA
100 _cEliot D.chapple
245 _aCulture and Biological Man
_bExplorations in Behavioral Anthropology
260 _bHolt, Rinehart and winston,Inc
_c1970
300 _a345p
942 _2ddc
_cBK
999 _c1303
_d1303